000 00594nam a22002057a 4500
999 _c3087
_d3087
003 AR-CdUCM
008 190305b ||||| |||| 00| 0 spa d
040 _aMUNICIPALIDAD PROVINCIAL DEL CUSCO
_cBIBLIOTECA MUNICIPAL DEL CUSCO
041 _hru.
082 _a819.4 /
_bB33
100 _aBeilin, Pavel
_910456
245 _aUna gran familia /
260 _aMoscu :
_bEdiciones en lenguas extranjeras,
_c1954.
300 _a245 paginas ;
_c18 cm.
505 _aContenido :Novela Rusa /
650 _aLiteratura Rusa
_910457
650 _aNovelas
_9218
942 _2ddc
_cLIBROS
945 _arjall